000 00961cad a22002535a 4500
001 E151397
008 101101s2008 xxk f 100 0 eng d
020 _a9781842194348
035 _a(Sirsi) u151397
041 0 _aeng
100 1 _aGanah, A.
111 2 _aConstruction and Building Research Conference
_cDublin Institute of Technology, Dublin
_d4-5 September 2008
245 0 0 _aMarketing in construction
_bopportunities and challenges for SMEs
_h[electronic resource]
260 _aLondon
_bRICS
_c2008
520 _aA paper presented at the COBRA Conference 2008 in Dublin.
590 _aKA
650 2 4 _aCONSTRUCTION AND BUILDING RESEARCH CONFERENCE (COBRA)
651 4 _aUnited Kingdom
_y
690 _aMANAGEMENT-BUSINESS MANAGEMENT
700 1 _aPye, Angela
700 1 _aWalker, Claire
856 4 0 _uhttps://www.rics.org/site/scripts/download_info.aspx?fileID=3391&categoryID=525
_zView the item free of charge at www.rics.org
942 _n0
999 _c111339
_d111339